000 00531nam a2200181 i 4500
001 87066
003 ES-MaACL
005 20230906175603.0
007 t|
008 041217s1976 sp |||| | spa d
100 1 _aKoch, H. W.
_968398
245 1 3 _aLa juventud hitleriana /
_cH.W. Koch ; [traductor, Lázaro Minue].
260 _a[Madrid :
_bLibrería Editorial San Martín,
_c1976]
300 _a159 p. :
_bil. ;
_c21 cm.
610 2 4 _aHitler-Jugend.
_9165005
700 1 _aMinue, Lázaro.
_981385
852 _aES-MaACL
_jA-6107
999 _c87066
_d87066